[Event "Fagernes op"]
[Site "Fagernes"]
[Date "2024.03.29"]
[Round "7"]
[White "Holand, Per Fredrik"]
[Black "Vijayakumar, Rishi"]
[Result "0-1"]
[WhiteElo "2068"]
[BlackElo "2156"]
[PlyCount "58"]
[EventDate "2024.03.24"]
[EventType "swiss"]
[EventRounds "9"]
[EventCountry "NOR"]
[SourceTitle "CB14_2024"]
[SourceDate "2024.04.01"]
[SourceVersion "1"]
[SourceVersionDate "2024.04.01"]
[SourceQuality "1"]

1. d4 Nf6 2. Nf3 d5 3. e3 c5 4. Bd3 Nc6 5. c3 Bg4 6. Nbd2 e6 7. Qa4 Bxf3 8. Nxf3 Qc7 9. 0-0 Bd6 10. dxc5 Bxc5 11. b4 Bd6 12. b5 Qa5 13. Qb3 Ne5 14. Nxe5 Bxe5 15. Ba3 Qxc3 16. Qxc3 Bxc3 17. Rac1 Ba5 18. b6 Bxb6 19. Bb5+ Kd8 20. Rc2 Rc8 21. Rfc1 Rxc2 22. Rxc2 a6 23. Bd3 Bc7 24. Be7+ Kd7 25. a4 Ng4 26. Bh4 Bxh2+ 27. Kf1 Bd6 28. Rb2 Rb8 29. Ke2 Ne5 0-1

[Event "Fagernes op"]
[Site "Fagernes"]
[Date "2024.03.27"]
[Round "4"]
[White "Vijayakumar, Rishi"]
[Black "Yaniv, Yuval"]
[Result "0-1"]
[WhiteElo "2156"]
[BlackElo "2368"]
[PlyCount "77"]
[EventDate "2024.03.24"]
[EventType "swiss"]
[EventRounds "9"]
[EventCountry "NOR"]
[SourceTitle "CB14_2024"]
[SourceDate "2024.04.01"]
[SourceVersion "1"]
[SourceVersionDate "2024.04.01"]
[SourceQuality "1"]

1. d4 Nf6 2. c4 g6 3. h4 Bg7 4. Nc3 0-0 5. e4 d6 6. h5 Nxh5 7. g4 Nf6 8. g5 Nfd7 9. f4 Re8 10. Be3 c5 11. d5 b5 12. cxb5 a6 13. a4 axb5 14. axb5 Rxa1 15. Qxa1 Nb6 16. Qa7 N8d7 17. Nf3 e6 18. dxe6 Rxe6 19. Kf2 Bxc3 20. bxc3 Rxe4 21. c4 Nxc4 22. Bxc4 Rxc4 23. Rd1 Rc2+ 24. Kg3 Rc3 25. Bd2 Rb3 26. Qa4 c4 27. Qxc4 Nc5 28. Be3 Qd7 29. Kf2 Qb7 30. Rxd6 Ne4+ 31. Ke2 Rxe3+ 32. Kxe3 Nxd6 33. Qd3 Qb6+ 34. Kd2 Nxb5 35. Qe4 Qd6+ 36. Ke1 Be6 37. Qa8+ Qf8 38. Qa5 Nd6 39. Nd4 0-1

[Event "Fagernes op"]
[Site "Fagernes"]
[Date "2024.03.25"]
[Round "2"]
[White "Vijayakumar, Rishi"]
[Black "Okuno Okuno, Rion"]
[Result "1/2-1/2"]
[WhiteElo "2156"]
[BlackElo "1981"]
[PlyCount "54"]
[EventDate "2024.03.24"]
[EventType "swiss"]
[EventRounds "9"]
[EventCountry "NOR"]
[SourceTitle "CB14_2024"]
[SourceDate "2024.04.01"]
[SourceVersion "1"]
[SourceVersionDate "2024.04.01"]
[SourceQuality "1"]

1. d4 Nf6 2. c4 e6 3. Nf3 d5 4. Nc3 Bb4 5. cxd5 exd5 6. Bg5 h6 7. Bh4 0-0 8. e3 Bf5 9. Qb3 Bxc3+ 10. Qxc3 Nbd7 11. Be2 Ne4 12. Qa5 Ndf6 13. Rc1 c6 14. Qxd8 Rfxd8 15. Bxf6 Nxf6 16. Ne5 Ne8 17. Bd3 Bxd3 18. Nxd3 Nd6 19. a4 a5 20. f3 Re8 21. Kf2 Re7 22. Rhe1 f6 23. Rc3 Rae8 24. b3 Nf5 25. Nf4 g5 26. Nh5 Kf7 27. Rd3 Kg6 1/2-1/2

[Event "Fagernes op"]
[Site "Fagernes"]
[Date "2024.03.24"]
[Round "1"]
[White "Ghasi, Ameet K"]
[Black "Vijayakumar, Rishi"]
[Result "1-0"]
[WhiteElo "2485"]
[BlackElo "2156"]
[PlyCount "70"]
[EventDate "2024.03.24"]
[EventType "swiss"]
[EventRounds "9"]
[EventCountry "NOR"]
[SourceTitle "CB14_2024"]
[SourceDate "2024.04.01"]
[SourceVersion "1"]
[SourceVersionDate "2024.04.01"]
[SourceQuality "1"]

1. Nf3 Nf6 2. g3 c5 3. Bg2 Nc6 4. 0-0 e5 5. d3 d5 6. Nbd2 Be7 7. e4 0-0 8. Re1 dxe4 9. dxe4 Qc7 10. c3 Rd8 11. Qc2 h6 12. Nc4 Be6 13. Ne3 c4 14. Nh4 Bc5 15. Nhf5 Ne7 16. Qe2 Bxf5 17. exf5 Bxe3 18. Qxe3 Rd3 19. Qxe5 Qxe5 20. Rxe5 Rd1+ 21. Bf1 Nc6 22. Re2 Rad8 23. f4 Nd7 24. Kf2 Nc5 25. Re1 Rxe1 26. Kxe1 Nd3+ 27. Bxd3 Rxd3 28. Ke2 Ne7 29. f6 gxf6 30. Be3 b6 31. a4 Nc6 32. g4 f5 33. g5 hxg5 34. fxg5 f6 35. Rf1 Ne7 1-0

[Event "British Rapidplay"]
[Site "Peterborough"]
[Date "2024.03.03"]
[Round "9"]
[White "Walton, Alan J"]
[Black "Vijayakumar, Rishi"]
[Result "0-1"]
[WhiteElo "2021"]
[BlackElo "2156"]
[PlyCount "244"]
[EventDate "2024.03.02"]
[EventType "swiss (rapid)"]
[EventRounds "11"]
[EventCountry "ENG"]
[SourceTitle "CB10_2024"]
[SourceDate "2024.03.06"]
[SourceVersion "1"]
[SourceVersionDate "2024.03.06"]
[SourceQuality "1"]

1. d4 Nf6 2. Bg5 d5 3. e3 c5 4. c3 Nc6 5. Nf3 Ne4 6. Bf4 Bf5 7. Nbd2 e6 8. Nxe4 Bxe4 9. Ne5 Bd6 10. Bb5 Bxe5 11. Bxe5 f6 12. Bf4 Qb6 13. Qb3 0-0 14. Bxc6 Qxc6 15. 0-0 c4 16. Qb4 h5 17. Qd6 e5 18. Qxc6 bxc6 19. Bg3 Rab8 20. b4 cxb3 21. axb3 Rxb3 22. Rxa7 Re8 23. Rc1 Bd3 24. h3 exd4 25. cxd4 Bb5 26. Rb7 Ra3 27. Rb8 Rxb8 28. Bxb8 Kf7 29. Bd6 Ra2 30. Rb1 Ke6 31. Bc5 Kf5 32. Re1 Bd3 33. Rc1 g5 34. Be7 Bc4 35. Re1 Ke6 36. Bc5 Kf5 37. Be7 g4 38. hxg4+ hxg4 39. Rb1 Bb5 40. Re1 Ke6 41. Bc5 Kf5 42. Be7 Bc4 43. Rb1 Bb5 44. Re1 Bd3 45. Rc1 Bc4 46. Rb1 Bb5 47. Re1 Ke6 48. Bc5 f5 49. g3 Be2 50. Rc1 Bf3 51. Kf1 Be4 52. Bb4 Kd7 53. Be1 Bd3+ 54. Kg2 Be4+ 55. Kf1 Bf3 56. Rb1 Ra8 57. Rb7+ Ke6 58. Rh7 Ra1 59. Rc7 Be4 60. Ke2 Bf3+ 61. Kf1 Kd6 62. Rf7 Ke6 63. Rc7 Rc1 64. Ra7 Be4 65. Ke2 Bf3+ 66. Kf1 Rb1 67. Rc7 Kd6 68. Rf7 Be4 69. Ke2 Bf3+ 70. Kf1 Ke6 71. Rc7 Rc1 72. Ra7 Rb1 73. Rc7 Rb6 74. Ba5 Ra6 75. Be1 Rb6 76. Ba5 Ra6 77. Be1 Kd6 78. Rf7 Ra1 79. Rb7 Rc1 80. Rf7 c5 81. dxc5+ Kc6 82. Rf8 Kb5 83. Rb8+ Kc6 84. Rc8+ Kd7 85. Rf8 Rxc5 86. Rf6 Rc1 87. Rb6 Ke7 88. Rh6 Kf7 89. Rb6 Be4 90. Ke2 Bf3+ 91. Kf1 Ra1 92. Rh6 Kg7 93. Rb6 Kf7 94. Rh6 Be4 95. Ke2 Ra2+ 96. Bd2 Bf3+ 97. Kd3 Be4+ 98. Ke2 Rb2 99. Rd6 Bf3+ 100. Kd3 Be4+ 101. Ke2 Ra2 102. Rh6 Kg7 103. Rd6 Bf3+ 104. Kd3 Be4+ 105. Ke2 Rc2 106. Rb6 Bf3+ 107. Kd3 Be4+ 108. Ke2 Ra2 109. Rd6 Ra3 110. Bc1 Ra2+ 111. Bd2 Ra3 112. Bc1 Rb3 113. Rc6 Kf7 114. Rd6 Rc3 115. Bd2 Ra3 116. Bc1 Ra2+ 117. Bd2 Bf3+ 118. Kd3 Be4+ 119. Ke2 Ke7 120. Rb6 Kd7 121. Rh6 Ra3 122. Rb6 Bf3+ 0-1

[Event "British Rapidplay"]
[Site "Peterborough"]
[Date "2024.03.02"]
[Round "6"]
[White "Mikalajunas, Kajus"]
[Black "Vijayakumar, Rishi"]
[Result "0-1"]
[WhiteElo "1940"]
[BlackElo "2156"]
[PlyCount "148"]
[EventDate "2024.03.02"]
[EventType "swiss (rapid)"]
[EventRounds "11"]
[EventCountry "ENG"]
[SourceTitle "CB10_2024"]
[SourceDate "2024.03.06"]
[SourceVersion "1"]
[SourceVersionDate "2024.03.06"]
[SourceQuality "1"]

1. d4 Nf6 2. c4 e6 3. Nc3 Bb4 4. Bd2 0-0 5. e3 b6 6. Nf3 d5 7. Bd3 Re8 8. 0-0 Bf8 9. Rc1 Bb7 10. Ne5 c5 11. Qf3 cxd4 12. exd4 Nc6 13. Nxc6 Bxc6 14. cxd5 Bxd5 15. Qh3 Rc8 16. Bg5 h6 17. Bxf6 gxf6 18. Rfd1 Bg7 19. Bb1 f5 20. Qd3 Kh8 21. Qb5 Bc6 22. Qd3 Qg5 23. d5 Bxd5 24. g3 Bc6 25. Qf1 Red8 26. Ne2 Rxd1 27. Rxd1 Qg4 28. h3 Qf3 29. Kh2 Bb5 30. Re1 Rd8 31. Ng1 Qd5 32. Qg2 Qxg2+ 33. Kxg2 Rd2 34. Nf3 Rxb2 35. Rc1 Be2 36. g4 Bxf3+ 37. Kxf3 fxg4+ 38. hxg4 Bd4 39. Bc2 Rxa2 40. Ke2 Bb2 41. Rd1 Be5 42. Kd3 Kg7 43. Re1 Ra3+ 44. Ke2 Bf4 45. Rd1 Rc3 46. Be4 a5 47. Rd7 Rc7 48. Rd8 Rc4 49. f3 Rb4 50. Rd7 Rb2+ 51. Ke1 a4 52. Ra7 b5 53. Bc6 Be3 54. Rb7 a3 55. Rb8 a2 56. Ra8 Rb1+ 57. Ke2 a1Q 58. Rxa1 Rxa1 59. Kxe3 b4 60. Kd3 Kf6 61. Be4 Ke5 62. Kc4 Re1 63. Ba8 Kf4 64. Kxb4 Re3 65. Kc5 Rxf3 66. Kd6 Kxg4 67. Ke5 Rf5+ 68. Ke4 h5 69. Ke3 h4 70. Ke2 h3 71. Ke3 Kg3 72. Ke2 h2 73. Bh1 Re5+ 74. Kf1 Ra5 0-1

[Event "British Rapidplay"]
[Site "Peterborough"]
[Date "2024.03.02"]
[Round "1"]
[White "Vijayakumar, Rishi"]
[Black "Eckersley Waites, Tom"]
[Result "0-1"]
[WhiteElo "2156"]
[BlackElo "2302"]
[PlyCount "60"]
[EventDate "2024.03.02"]
[EventType "swiss (rapid)"]
[EventRounds "11"]
[EventCountry "ENG"]
[SourceTitle "CB10_2024"]
[SourceDate "2024.03.06"]
[SourceVersion "1"]
[SourceVersionDate "2024.03.06"]
[SourceQuality "1"]

1. d4 d5 2. c4 e6 3. Nc3 c5 4. cxd5 exd5 5. dxc5 d4 6. Na4 b5 7. cxb6 axb6 8. b3 Nf6 9. Nf3 Ne4 10. a3 b5 11. Qd3 Nc5 12. Nxc5 Bxc5 13. Qxb5+ Nd7 14. b4 Bb6 15. Qd5 Rb8 16. Bg5 Qc7 17. Qe4+ Kf8 18. Bf4 Qc3+ 19. Nd2 Qxa1+ 20. Nb1 Bb7 21. Qd3 Rc8 22. f3 g6 23. Kf2 Kg7 24. Qb5 Bc6 25. Qd3 Rhe8 26. g3 Re3 27. Bxe3 dxe3+ 28. Kg1 Bxf3 29. Qxd7 Rc1 30. Qe7 Rxf1+ 0-1

[Event "Groningen op 59th"]
[Site "Groningen"]
[Date "2023.12.30"]
[Round "9"]
[White "Grooten, Herman"]
[Black "Vijayakumar, Rishi"]
[Result "0-1"]
[WhiteElo "2243"]
[BlackElo "2104"]
[PlyCount "78"]
[EventDate "2023.12.21"]
[EventType "swiss"]
[EventRounds "9"]
[EventCountry "NED"]
[SourceTitle "CB04_2024"]
[SourceDate "2023.10.16"]
[SourceVersion "1"]
[SourceVersionDate "2023.10.16"]
[SourceQuality "1"]

1. Nf3 d5 2. c4 d4 3. g3 c5 4. b4 Nf6 5. bxc5 Nc6 6. d3 e5 7. Bg2 Bxc5 8. 0-0 h6 9. Ba3 Nd7 10. Nfd2 0-0 11. Qc1 f5 12. Nb3 Bxa3 13. Qxa3 Nf6 14. N1d2 Re8 15. Bxc6 bxc6 16. Qc5 Qc7 17. e3 a5 18. exd4 a4 19. Nc1 Nd7 20. Qb4 exd4 21. c5 Qa5 22. Qc4+ Kh7 23. Nf3 Qxc5 24. Nxd4 Qxc4 25. dxc4 Ne5 26. c5 Ba6 27. Rd1 Rad8 28. Kg2 Rd5 29. Nce2 Red8 30. Rd2 Ng6 31. Rb2 Rxd4 32. Nxd4 Rxd4 33. Rb6 Bc4 34. a3 Bd5+ 35. Kf1 Ne5 36. Rab1 Nf3 37. R1b4 Rd2 38. h3 Be4 39. g4 Rd1+ 0-1

[Event "Groningen op 59th"]
[Site "Groningen"]
[Date "2023.12.27"]
[Round "6"]
[White "Vijayakumar, Rishi"]
[Black "Van der Leest, Bert"]
[Result "1/2-1/2"]
[WhiteElo "2104"]
[BlackElo "2142"]
[PlyCount "80"]
[EventDate "2023.12.21"]
[EventType "swiss"]
[EventRounds "9"]
[EventCountry "NED"]
[SourceTitle "CB04_2024"]
[SourceDate "2023.10.16"]
[SourceVersion "1"]
[SourceVersionDate "2023.10.16"]
[SourceQuality "1"]

1. d4 Nf6 2. c4 c5 3. d5 b5 4. cxb5 a6 5. e3 g6 6. Nc3 Bg7 7. e4 d6 8. a4 0-0 9. Bc4 axb5 10. Bxb5 Na6 11. Nge2 Nb4 12. 0-0 Qb6 13. h3 Ba6 14. Ng3 Bxb5 15. Nxb5 Nd7 16. Rb1 Ne5 17. b3 Ned3 18. Be3 Qa5 19. Na3 e6 20. Qd2 exd5 21. exd5 Ne5 22. Nb5 Ra6 23. Ne4 Qd8 24. Nexd6 Rxd6 25. Bxc5 Rxd5 26. Qxb4 Nd3 27. Bxf8 Nxb4 28. Bxb4 h5 29. Bc3 Bxc3 30. Nxc3 Rd3 31. Ne4 Qd4 32. Rfe1 Qb4 33. Ng5 Rxb3 34. Re8+ Kg7 35. Rxb3 Qxb3 36. h4 Qxa4 37. Re7 Qxh4 38. f4 Qg3 39. Rxf7+ Kg8 40. Rf6 Qe1+ 1/2-1/2

[Event "Groningen op 59th"]
[Site "Groningen"]
[Date "2023.12.23"]
[Round "3"]
[White "Vijayakumar, Rishi"]
[Black "De Jong, Mathijs"]
[Result "0-1"]
[WhiteElo "2104"]
[BlackElo "2008"]
[PlyCount "142"]
[EventDate "2023.12.21"]
[EventType "swiss"]
[EventRounds "9"]
[EventCountry "NED"]
[SourceTitle "CB04_2024"]
[SourceDate "2023.10.16"]
[SourceVersion "1"]
[SourceVersionDate "2023.10.16"]
[SourceQuality "1"]

1. d4 d5 2. c4 c6 3. Nf3 Nf6 4. Nc3 e6 5. e3 Nbd7 6. Qc2 Bd6 7. Bd3 0-0 8. 0-0 b6 9. b3 Bb7 10. Bb2 Rc8 11. cxd5 cxd5 12. Qe2 Ne4 13. Rfc1 Nxc3 14. Rxc3 Rxc3 15. Bxc3 Qe7 16. Rc1 Rc8 17. Qd2 f5 18. b4 g5 19. b5 g4 20. Ne1 Nf6 21. a4 Ne4 22. Bxe4 fxe4 23. a5 Rc4 24. Qd1 h5 25. a6 Bc8 26. Bd2 Rxc1 27. Bxc1 Bd7 28. h3 Qg5 29. hxg4 Qxg4 30. f3 Qg3 31. f4 h4 32. Bd2 Bxb5 33. Qh5 Bd7 34. Nc2 h3 35. Qxh3 Qxh3 36. gxh3 Bc8 37. Nb4 Bxb4 38. Bxb4 Bxa6 39. Bd6 Be2 40. Kf2 Bf3 41. Bb8 a6 42. Bc7 b5 43. Ba5 Kf7 44. Kg3 Kg6 45. Bb4 Be2 46. Kf2 Bd1 47. Ke1 Bb3 48. Kf2 Bc4 49. Kg2 Kf7 50. Kg3 Be2 51. Kf2 Bh5 52. Kg3 Bg6 53. Kg4 Bf5+ 54. Kg3 Ke8 55. h4 Kd7 56. h5 Kc6 57. Ba5 b4 58. Bxb4 Kb5 59. Bd2 a5 60. h6 a4 61. Kh4 a3 62. Kg5 a2 63. Bc3 Kc4 64. Bb2 Kd3 65. Kf6 Kxe3 66. h7 Bxh7 67. Kxe6 Kxf4 68. Kxd5 e3 69. Kc4 e2 70. Bc3 e1Q 71. Bxe1 a1Q 0-1

[Event "Fagernes Autumn op"]
[Site "Fagernes"]
[Date "2023.10.14"]
[Round "8"]
[White "Vijayakumar, Rishi"]
[Black "Mannion, Stephen R"]
[Result "1-0"]
[WhiteElo "2096"]
[BlackElo "2179"]
[PlyCount "69"]
[EventDate "2023.10.08"]
[EventType "swiss"]
[EventRounds "9"]
[EventCountry "NOR"]
[SourceTitle "Mega2024 Update 01"]
[Source "Chessbase"]
[SourceDate "2023.11.12"]
[SourceVersion "1"]
[SourceVersionDate "2023.11.12"]
[SourceQuality "1"]

1. d4 Nf6 2. c4 c5 3. d5 b5 4. cxb5 a6 5. e3 g6 6. Nc3 Bg7 7. e4 0-0 8. a4 Bb7 9. Bc4 axb5 10. Bxb5 e6 11. Nge2 exd5 12. exd5 d6 13. 0-0 Na6 14. Bf4 Nb4 15. Bc4 Nh5 16. Be3 Re8 17. Qd2 Qb6 18. Rad1 Nf6 19. b3 Ng4 20. Bf4 Ne5 21. Bb5 Re7 22. h3 Ba6 23. Be3 Ned3 24. Nf4 Nxf4 25. Bxf4 Bb7 26. Bc4 f5 27. Nb5 Be5 28. Rfe1 Bxf4 29. Qxf4 Rxe1+ 30. Rxe1 Rf8 31. Re7 Rf7 32. Rxf7 Kxf7 33. Nxd6+ Ke7 34. Qe5+ Kd8 35. Qe8+ 1-0

[Event "Fagernes Autumn op"]
[Site "Fagernes"]
[Date "2023.10.11"]
[Round "4"]
[White "Vijayakumar, Rishi"]
[Black "Skotheim, Andreas"]
[Result "0-1"]
[WhiteElo "2096"]
[BlackElo "2211"]
[PlyCount "98"]
[EventDate "2023.10.08"]
[EventType "swiss"]
[EventRounds "9"]
[EventCountry "NOR"]
[SourceTitle "Mega2024 Update 01"]
[Source "Chessbase"]
[SourceDate "2023.11.12"]
[SourceVersion "1"]
[SourceVersionDate "2023.11.12"]
[SourceQuality "1"]

1. d4 Nf6 2. c4 e6 3. Nf3 b6 4. g3 Ba6 5. Qc2 Bb7 6. Bg2 Bb4+ 7. Bd2 c5 8. Bxb4 cxb4 9. Nbd2 a5 10. e4 d6 11. 0-0 Qc7 12. Rad1 Nbd7 13. Rfe1 e5 14. a3 bxa3 15. bxa3 0-0 16. Rb1 Rac8 17. Qb2 Ba6 18. Rec1 Rfe8 19. Bf1 Rb8 20. d5 Nc5 21. Qc2 Bc8 22. Bg2 Bd7 23. Ne1 g6 24. Nd3 Ba4 25. Qc3 Nxd3 26. Qxd3 Nd7 27. Qe2 Nc5 28. h4 Qe7 29. Bh3 Kg7 30. Rf1 Bc2 31. Rb5 Bd3 32. Qe3 Bxf1 33. Nxf1 Rf8 34. Qe1 Qf6 35. Kg2 a4 36. Ne3 h5 37. Qb1 Nb3 38. Rxb3 axb3 39. Qxb3 Qd8 40. Qb4 Ra8 41. Nd1 Qc7 42. Ne3 Ra6 43. Qd2 Qe7 44. Qb4 Rfa8 45. Nc2 Qc7 46. f4 Ra4 47. Qd2 Qxc4 48. f5 Rxa3 49. Qg5 Qxc2+ 0-1

[Event "Fagernes Autumn op"]
[Site "Fagernes"]
[Date "2023.10.10"]
[Round "3"]
[White "Vijayakumar, Rishi"]
[Black "Stella, Andrea"]
[Result "1/2-1/2"]
[WhiteElo "2096"]
[BlackElo "2447"]
[PlyCount "105"]
[EventDate "2023.10.08"]
[EventType "swiss"]
[EventRounds "9"]
[EventCountry "NOR"]
[SourceTitle "Mega2024 Update 01"]
[Source "Chessbase"]
[SourceDate "2023.11.12"]
[SourceVersion "1"]
[SourceVersionDate "2023.11.12"]
[SourceQuality "1"]

1. d4 Nf6 2. c4 e6 3. Nf3 d5 4. Nc3 c6 5. e3 a6 6. a4 a5 7. Bd3 Na6 8. 0-0 Nb4 9. Bb1 b6 10. b3 Be7 11. Re1 Ba6 12. Qe2 0-0 13. e4 Re8 14. e5 Nd7 15. h4 Nf8 16. g3 Rc8 17. Ng5 dxc4 18. bxc4 Qxd4 19. Nce4 h6 20. Bb2 Qxc4 21. Qh5 hxg5 22. Nf6+ Bxf6 23. exf6 Nd3 24. fxg7 Nh7 25. hxg5 Qc5 26. Re3 Qf5 27. Rf3 Qg6 28. Qxg6 fxg6 29. Bxd3 Bxd3 30. Rxd3 Nxg5 31. f4 Ne4 32. g4 Rcd8 33. Rxd8 Rxd8 34. Re1 Nc5 35. Bf6 Rd7 36. f5 gxf5 37. gxf5 Rxg7+ 38. Bxg7 Kxg7 39. fxe6 Kf8 40. e7+ Ke8 41. Kg2 Nd3 42. Re4 Nb4 43. Kf3 Nd5 44. Re1 Nxe7 45. Ke4 Kd7 46. Rd1+ Kc7 47. Kd4 Nd5 48. Rh1 Nf6 49. Rh6 Nd7 50. Rh7 Kd6 51. Rh6+ Kc7 52. Rh7 Kd6 53. Rh6+ 1/2-1/2

[Event "Fagernes Autumn op"]
[Site "Fagernes"]
[Date "2023.10.08"]
[Round "1"]
[White "Szwed, Jacek"]
[Black "Vijayakumar, Rishi"]
[Result "1-0"]
[WhiteElo "2376"]
[BlackElo "2096"]
[PlyCount "121"]
[EventDate "2023.10.08"]
[EventType "swiss"]
[EventRounds "9"]
[EventCountry "NOR"]
[SourceTitle "Mega2024 Update 01"]
[Source "Chessbase"]
[SourceDate "2023.11.12"]
[SourceVersion "1"]
[SourceVersionDate "2023.11.12"]
[SourceQuality "1"]

1. Nf3 d5 2. c4 d4 3. g3 c5 4. Bg2 Nc6 5. 0-0 e5 6. d3 Bd6 7. e3 Nge7 8. exd4 cxd4 9. Na3 0-0 10. Nc2 f6 11. a3 a5 12. b3 Be6 13. Nd2 Ng6 14. Rb1 Qd7 15. Re1 Rab8 16. b4 axb4 17. axb4 b5 18. Bxc6 Qxc6 19. Nxd4 exd4 20. Rxe6 Qd7 21. Re4 bxc4 22. Rxd4 Qe7 23. Rxc4 Ne5 24. Re4 f5 25. Re2 Rfe8 26. Re3 Qa7 27. Nc4 Ng4 28. Nxd6 Nxe3 29. Bxe3 Rxe3 30. fxe3 Qxe3+ 31. Kg2 Rf8 32. Qe1 Qa7 33. Qe6+ Kh8 34. Re1 h6 35. Qe7 Qa2+ 36. Re2 Qd5+ 37. Kh3 Rf6 38. Ne8 Rg6 39. Qf8+ Kh7 40. Re7 Rxg3+ 41. Kxg3 Qxd3+ 42. Kf2 Qd2+ 43. Kf3 Qd3+ 44. Kf4 Qd4+ 45. Kf3 Qd3+ 46. Re3 Qf1+ 47. Kg3 Qg1+ 48. Kf4 g5+ 49. Ke5 Qxe3+ 50. Kd5 Qe4+ 51. Kc5 Qe5+ 52. Kc6 Qe4+ 53. Kd7 Qd4+ 54. Qd6 Qa7+ 55. Ke6 Kg6 56. Ke5+ Kf7 57. Qf6+ Kg8 58. Qg6+ Kf8 59. Qxh6+ Kxe8 60. Qh8+ Kd7 61. Qg7+ 1-0

[Event "Manchester op"]
[Site "Bolton"]
[Date "2023.08.19"]
[Round "3"]
[White "Gordon, Sean2222"]
[Black "Vijayakumar, Rishi"]
[Result "1/2-1/2"]
[WhiteElo "1894"]
[BlackElo "1899"]
[PlyCount "73"]
[EventDate "2023.08.18"]
[EventType "swiss"]
[EventRounds "5"]
[EventCountry "ENG"]
[SourceTitle "CBM 215 Extra"]
[Source "ChessBase"]
[SourceDate "2023.09.30"]
[SourceVersion "1"]
[SourceVersionDate "2023.09.30"]
[SourceQuality "1"]

1. e4 c6 2. Nf3 d5 3. d3 Qc7 4. Nc3 dxe4 5. dxe4 e5 6. Be3 h6 7. Bd3 Nf6 8. h3 Be7 9. 0-0 Be6 10. Qe2 Nbd7 11. Bc4 Nf8 12. a4 a5 13. Nd2 Rd8 14. Rad1 Bc8 15. f4 exf4 16. Bxf4 Qb6+ 17. Kh1 Ng6 18. e5 Nd5 19. Nxd5 cxd5 20. Bb5+ Bd7 21. Nb3 Bxb5 22. Qxb5+ Qxb5 23. axb5 a4 24. Nd4 Nxf4 25. Rxf4 0-0 26. Nf5 Bg5 27. Rxa4 Rfe8 28. h4 Rxe5 29. hxg5 Rxf5 30. gxh6 gxh6 31. Ra7 Rc8 32. Rd2 Rc7 33. Kh2 d4 34. b6 Rd7 35. Ra4 Rb5 36. b3 d3 37. Rc4 1/2-1/2

[Event "Daventry 4NCL op-A 30th"]
[Site "Daventry"]
[Date "2023.06.16"]
[Round "1"]
[White "Dignam, Matthew"]
[Black "Vijayakumar, Rishi"]
[Result "0-1"]
[WhiteElo "2048"]
[BlackElo "1861"]
[PlyCount "88"]
[EventDate "2023.06.16"]
[EventType "swiss"]
[EventRounds "5"]
[EventCountry "ENG"]
[SourceTitle "CBM 214 Extra"]
[Source "ChessBase"]
[SourceDate "2023.07.31"]
[SourceVersion "1"]
[SourceVersionDate "2023.07.31"]
[SourceQuality "1"]

1. e4 c6 2. d4 d5 3. e5 Bf5 4. Nd2 e6 5. Nb3 a6 6. Nf3 c5 7. Nxc5 Bxc5 8. dxc5 Qa5+ 9. c3 Qxc5 10. Nd4 Ne7 11. Nxf5 Nxf5 12. Bd3 d4 13. cxd4 Qb4+ 14. Bd2 Qxb2 15. 0-0 0-0 16. d5 Qxe5 17. dxe6 fxe6 18. Bc4 Nc6 19. Re1 Qd4 20. Bxe6+ Kh8 21. Rc1 Nh4 22. Be3 Qf6 23. Bc5 Rfe8 24. Bh3 Rxe1+ 25. Qxe1 Ne5 26. Qe3 Re8 27. Kh1 Qf7 28. Re1 Nhg6 29. Bd4 Re7 30. Qc3 Nc6 31. Rxe7 Qxe7 32. Be3 Qd6 33. Bg4 Qb4 34. Qxb4 Nxb4 35. Be6 Nf8 36. Bb3 Nd7 37. Bd4 Nc6 38. Bb2 Nc5 39. Bd5 Nd3 40. Bxc6 bxc6 41. Bd4 c5 42. Be3 c4 43. Bd4 Nc1 44. a3 Ne2 0-1

[Event "Ayr op"]
[Site "Ayr"]
[Date "2023.05.19"]
[Round "1"]
[White "Lampard, Alice"]
[Black "Vijayakumar, Rishi"]
[Result "0-1"]
[WhiteElo "1733"]
[BlackElo "1940"]
[PlyCount "70"]
[EventDate "2023.05.19"]
[EventType "swiss"]
[EventRounds "5"]
[EventCountry "SCO"]
[SourceTitle "EXT 2024"]
[Source "ChessBase"]
[SourceDate "2023.10.10"]
[SourceVersion "1"]
[SourceVersionDate "2023.10.10"]
[SourceQuality "1"]

1. d4 Nf6 2. c4 e6 3. Nc3 Bb4 4. Qc2 d5 5. e3 0-0 6. Nf3 c5 7. a3 Bxc3+ 8. bxc3 Nc6 9. Be2 dxc4 10. Bxc4 Na5 11. Be2 Qc7 12. 0-0 cxd4 13. exd4 b6 14. Bd2 Bb7 15. c4 Be4 16. Qa4 Nc6 17. h3 Rad8 18. d5 exd5 19. cxd5 Bxd5 20. Rac1 Qd7 21. Bg5 Bxf3 22. Bxf3 Nd4 23. Bc6 Qf5 24. Bxf6 Qxf6 25. Rfe1 Rc8 26. Bb5 Nf3+ 27. gxf3 Rxc1 28. Rxc1 Qg5+ 29. Kh2 Qxc1 30. Bd3 g6 31. Qxa7 Qd2 32. Be4 Qxf2+ 33. Kh1 Rd8 34. Bd5 Qe1+ 35. Kg2 Qd2+ 0-1

[Event "BCF-chT2 2223 (4NCL)"]
[Site "England"]
[Date "2023.04.30"]
[Round "10.28"]
[White "Vijayakumar, Rishi"]
[Black "Graham, Cassie M"]
[Result "1/2-1/2"]
[WhiteElo "1846"]
[BlackElo "1997"]
[PlyCount "102"]
[EventDate "2022.10.22"]
[EventType "team-tourn"]
[EventRounds "11"]
[EventCountry "ENG"]
[SourceTitle "EXT 2024"]
[Source "ChessBase"]
[SourceDate "2023.10.10"]
[SourceVersion "1"]
[SourceVersionDate "2023.10.10"]
[SourceQuality "1"]
[WhiteTeam "Alba"]
[BlackTeam "Sussex Martlets"]
[WhiteTeamCountry "ENG"]
[BlackTeamCountry "ENG"]

1. d4 Nf6 2. c4 g6 3. Nf3 Bg7 4. g3 0-0 5. Bg2 d5 6. cxd5 Nxd5 7. 0-0 Nc6 8. e3 Re8 9. Nc3 Nb6 10. Re1 a5 11. d5 Nb4 12. e4 e6 13. a3 Na6 14. Bg5 f6 15. Be3 Nc4 16. Qe2 Nxe3 17. Qxe3 exd5 18. Rad1 Be6 19. Qc1 Qc8 20. exd5 Bf7 21. Nd4 Rxe1+ 22. Rxe1 Nc5 23. Qe3 Ra6 24. b4 axb4 25. axb4 Nd7 26. Ne6 Nf8 27. b5 Rb6 28. Qc5 Nxe6 29. dxe6 Rxe6 30. Rc1 b6 31. Qd4 f5 32. Qd2 Rd6 33. Qf4 Rd4 34. Qe3 Qe6 35. Qxe6 Bxe6 36. Ne2 Rc4 37. Re1 Kf8 38. Bc6 Bh6 39. Nf4 Bxf4 40. Rxe6 Rc1+ 41. Kg2 Bd6 42. Re2 g5 43. Rd2 Ke7 44. Rd5 Ke6 45. Rd2 Re1 46. Rd5 h6 47. Rd2 Kf6 48. Rc2 h5 49. Rd2 f4 50. h3 fxg3 51. fxg3 Re3 1/2-1/2

[Event "Perth op-A"]
[Site "Perth"]
[Date "2023.04.22"]
[Round "2"]
[White "Vijayakumar, Rishi"]
[Black "Campbell, Duncan AF"]
[Result "1/2-1/2"]
[WhiteElo "1846"]
[BlackElo "1909"]
[PlyCount "44"]
[EventDate "2023.04.21"]
[EventType "swiss"]
[EventRounds "5"]
[EventCountry "SCO"]
[SourceTitle "EXT 2024"]
[Source "ChessBase"]
[SourceDate "2023.10.10"]
[SourceVersion "1"]
[SourceVersionDate "2023.10.10"]
[SourceQuality "1"]

1. d4 e6 2. Nf3 f5 3. c4 Nf6 4. Bg5 Be7 5. Nc3 d5 6. Qb3 c6 7. e3 Nbd7 8. h4 Ne4 9. Bf4 Ndf6 10. Be2 Bd6 11. g3 0-0 12. Ng5 Qe7 13. Ncxe4 Nxe4 14. Nxe4 fxe4 15. c5 Bb8 16. Qc3 Bd7 17. a4 Rf5 18. Bg4 Rf7 19. Bh5 Rf5 20. Bg4 Rf8 21. Be2 Rf5 22. Bg4 Rf8 1/2-1/2